Readings in cognitive psychology / (Record no. 14848)

MARC details
000 -LEADER
fixed length control field 01243cam a22003134a 4500
001 - CONTROL NUMBER
control field 146031
003 - CONTROL NUMBER IDENTIFIER
control field mut
005 - DATE AND TIME OF LATEST TRANSACTION
control field 20240606081321.0
008 - FIXED-LENGTH DATA ELEMENTS--GENERAL INFORMATION
fixed length control field 980713s1999 txu b 000 0 eng
010 ## - LIBRARY OF CONGRESS CONTROL NUMBER
LC control number 98072573
020 ## - INTERNATIONAL STANDARD BOOK NUMBER
International Standard Book Number 0155041053
040 ## - CATALOGING SOURCE
Original cataloging agency DLC
Transcribing agency mut
Modifying agency DLC
042 ## - AUTHENTICATION CODE
Authentication code pcc
050 00 - LIBRARY OF CONGRESS CALL NUMBER
Classification number BF201
Item number .R43 1999
082 00 - DEWEY DECIMAL CLASSIFICATION NUMBER
Classification number 153
Edition information 21
245 00 - TITLE STATEMENT
Title Readings in cognitive psychology /
260 ## - PUBLICATION, DISTRIBUTION, ETC.
Place of publication, distribution, etc. Fort Worth, TX :
Name of publisher, distributor, etc. Harcourt Brace College Publishers,
Date of publication, distribution, etc. c1999.
300 ## - PHYSICAL DESCRIPTION
Extent xi, 532 p. :
Other physical details ill. ;
Dimensions 24 cm.
504 ## - BIBLIOGRAPHY, ETC. NOTE
Bibliography, etc. note Includes bibliographical references.
650 #0 - SUBJECT ADDED ENTRY--TOPICAL TERM
Topical term or geographic name entry element Cognitive psychology.
700 1# - ADDED ENTRY--PERSONAL NAME
Personal name Sternberg, Robert J.
700 1# - ADDED ENTRY--PERSONAL NAME
Personal name Wagner, Richard K.
856 42 - ELECTRONIC LOCATION AND ACCESS
Materials specified Publisher description
Uniform Resource Identifier <a href="http://www.loc.gov/catdir/enhancements/fy1212/98072573-d.html">http://www.loc.gov/catdir/enhancements/fy1212/98072573-d.html</a>
856 41 - ELECTRONIC LOCATION AND ACCESS
Materials specified Table of contents only
Uniform Resource Identifier <a href="http://www.loc.gov/catdir/enhancements/fy1212/98072573-t.html">http://www.loc.gov/catdir/enhancements/fy1212/98072573-t.html</a>
856 42 - ELECTRONIC LOCATION AND ACCESS
Materials specified Contributor biographical information
Uniform Resource Identifier <a href="http://www.loc.gov/catdir/enhancements/fy1302/98072573-b.html">http://www.loc.gov/catdir/enhancements/fy1302/98072573-b.html</a>
906 ## - LOCAL DATA ELEMENT F, LDF (RLIN)
a 7
b cbc
c orignew
d 2
e opcn
f 19
g y-gencatlg
942 ## - ADDED ENTRY ELEMENTS (KOHA)
Source of classification or shelving scheme Library of Congress Classification
Koha item type Books
Holdings
Withdrawn status Lost status Source of classification or shelving scheme Damaged status Not for loan Home library Current library Shelving location Date acquired Source of acquisition Total checkouts Full call number Barcode Date last seen Price effective from Koha item type
    Library of Congress Classification     Murang'a University of Technology Library Murang'a University of Technology Library General stacks 04/12/2017 Donation-TFC   BF201 .R43 1999 014535 30/08/2024 04/12/2017 Books